Rope-Driving: A Treatise on the Transmission of Power by Means of Fibrous Ropes

গ্রন্থ-পঞ্জীর বিবরন
প্রধান লেখক: Flather J. J. John
ভাষা:ইংরেজি
প্রকাশিত: New York, John Wiley & Sons, 1897
সংস্করন:first ed.
বিষয়গুলি:
বিন্যাস: গ্রন্থ
KOHA link:https://koha.lib.tpu.ru/cgi-bin/koha/opac-detail.pl?biblionumber=352772

MARC

LEADER 00000nam0a2200000 4500
001 352772
005 20231102010530.0
035 |a (RuTPU)RU\TPU\retro\9557 
090 |a 352772 
100 |a 20200205d1897 k y0engy50 ba 
101 0 |a eng 
102 |a US 
105 |a a z 001zy 
200 1 |a Rope-Driving: A Treatise on the Transmission of Power by Means of Fibrous Ropes  |f J. J. Flather 
205 |a first ed. 
210 |a New York  |c John Wiley & Sons  |a London  |c Chapman & Hall  |d 1897 
215 |a 230 p.  |c il. 
316 |5 63413507: КР-6773  |a На титульном листе владельческий штамп Механической лаборатории Томского Технологического Института Императора Николая II 
320 |a Index: p. 223-230 
541 1 |a Канатная передача: трактат о передаче энергии с помощью волокнистых канатов  |z eng 
606 1 |a Канатные передачи  |2 stltpush  |3 (RuTPU)RU\TPU\subj\13739  |9 40309 
610 1 |a трансмиссии 
610 1 |a волоконные канаты 
610 1 |a канаты 
610 1 |a тросы 
610 1 |a ремни 
610 1 |a производство 
610 1 |a износ 
610 1 |a мощность 
610 1 |a сила 
610 1 |a прогибы 
610 1 |a потери 
610 1 |a конструкция 
610 1 |a оборудование 
610 1 |a строительство 
610 1 |a двигатели 
610 1 |a генераторы 
610 1 |a расчеты 
610 1 |a машиностроение 
610 1 |a английский язык 
675 |a 621.854  |v 4 
700 1 |a Flather  |b J. J.  |g John 
801 1 |a RU  |b 63413507  |c 20200205 
801 2 |a RU  |b 63413507  |c 20200703  |g RCR 
942 |c BK